Samanya hindi (Record no. 7172)
[ view plain ]
| 000 -LEADER | |
|---|---|
| fixed length control field | 00489cam a2200205ua 4500 |
| 001 - CONTROL NUMBER | |
| control field | 8061 |
| 005 - DATE AND TIME OF LATEST TRANSACTION | |
| control field | 20260515114305.0 |
| 008 - FIXED-LENGTH DATA ELEMENTS--GENERAL INFORMATION | |
| fixed length control field | 150113n ii |||gr||||Z||||||hin |
| 040 ## - CATALOGING SOURCE | |
| Transcribing agency | MAIN |
| 041 ## - LANGUAGE CODE | |
| Language code of text/sound track or separate title | hin |
| 082 ## - DEWEY DECIMAL CLASSIFICATION NUMBER | |
| Classification number | 891.435 |
| 100 ## - MAIN ENTRY--PERSONAL NAME | |
| Personal name | Singh, V., |
| Relator term | Author. |
| 245 ## - TITLE STATEMENT | |
| Title | Samanya hindi |
| Statement of responsibility, etc. | By Vijaypal Singh |
| 250 ## - EDITION STATEMENT | |
| Edition statement | 1st. |
| 260 ## - PUBLICATION, DISTRIBUTION, ETC. | |
| Place of publication, distribution, etc. | Varanasi: |
| Name of publisher, distributor, etc. | Hindi, |
| Date of publication, distribution, etc. | 1994. |
| 300 ## - PHYSICAL DESCRIPTION | |
| Extent | 245p. |
| 653 ## - INDEX TERM--UNCONTROLLED | |
| Uncontrolled term | East Indo-European & Celtic literatures |
| 653 ## - INDEX TERM--UNCONTROLLED | |
| Uncontrolled term | Hindi grammar |
| 942 ## - ADDED ENTRY ELEMENTS (KOHA) | |
| Koha item type | Books |
| Withdrawn status | Lost status | Damaged status | Not for loan | Home library | Current library | Shelving location | Date acquired | Total checkouts | Full call number | Barcode | Date last seen | Copy number | Price effective from | Koha item type |
|---|---|---|---|---|---|---|---|---|---|---|---|---|---|---|
| Naharkatiya College Library | Naharkatiya College Library | General stacks | 09/19/2020 | 891.435 | SIN | 6646 | 09/19/2020 | 1 | 09/19/2020 | Books | |||||
| Naharkatiya College Library | Naharkatiya College Library | General stacks | 09/19/2020 | 891.435 | SIN | 6647 | 09/19/2020 | 2 | 09/19/2020 | Books |